|
|
|
|
| LEADER |
00634nam a22001337a 4500 |
| 008 |
211130b |||||||| |||| 00| 0 ara d |
| 082 |
|
|
|a 250
|
| 100 |
|
|
|9 1581902
|a أبو عبد الله بن القيم الجوزي
|
| 245 |
|
|
|a زاد المعاد في هدي خير العباد
|
| 260 |
|
|
|b دار الفكر
|c 1973
|
| 942 |
|
|
|c BK
|
| 999 |
|
|
|c 363866
|d 363866
|
| 952 |
|
|
|0 0
|1 0
|2 ddc
|4 0
|6 250_000000000000000
|7 0
|8 REF
|9 423885
|a ARA
|b ARA
|c REF
|d 2021-11-30
|h 1-2
|i 3112
|l 0
|o 250
|p ara3112
|r 2021-11-30
|w 2021-11-30
|y BK
|
| 952 |
|
|
|0 0
|1 0
|2 ddc
|4 0
|6 250_000000000000000
|7 0
|8 REF
|9 423886
|a ARA
|b ARA
|c REF
|d 2021-11-30
|h 3-4
|i 3113
|l 0
|o 250
|p ara3113
|r 2021-11-30
|w 2021-11-30
|y BK
|